00221nam a2200085Ia 4500008004100000041000800041100002200049245005500071260000900126240625s9999 xx 000 0 und d aeng aCISCO SYSTEMS INC aCISCO NETWORKING ACADEMY PROGRAM FUNDAMENTALS OF N c2004